[Event "TCh-HUN 2012-13"]
[Site "Budapest HUN"]
[Date "2012.10.07"]
[Round "2"]
[White "Antal,Ge"]
[Black "Lupulescu,C"]
[Result "1/2-1/2"]
[WhiteElo "2508"]
[BlackElo "2614"]

1.e4 c5 2.Nf3 d6 3.Bb5+ Nd7 4.O-O a6 5.Bxd7+ Bxd7 6.d4 cxd4 7.Qxd4 e5 8.Qd3 Rc8
9.a4 Qc7 10.Nc3 h6 11.Be3 Nf6 12.a5 Be7 13.Bb6 Qc6 14.Nd2 Be6 15.Rfd1 Nd7
16.Ba7 O-O 17.Nf1 Ra8 18.Be3 Rac8 19.Ng3 Rfd8 20.Qe2 Nf6 21.Bb6 Rd7 22.Nh5 Ne8
23.Ng3 g6 24.Be3 h5 25.Rd2 Nc7 26.Na4 Na8 27.Nc3 Nc7 28.Na4 Na8 29.Nc3 h4
30.Nf1 Nc7 31.Na4 Re8 32.Nb6 Rdd8 33.f3 d5 34.exd5 Nxd5 35.Nxd5 Rxd5 36.Rxd5 Bxd5
37.h3 f5 38.Bf2 Bg5 39.Ne3 Bf7 40.c3 e4 41.f4 Bxf4 42.Bxh4 Bc7 43.Qd2 Qc5
44.Qd4 Qxd4 45.cxd4 Rc8 46.Be1 Bd6 47.g3 Kg7 48.h4 Kh6 49.Kf2 Kh5 50.Bc3 Bb3
51.Rg1 f4 52.gxf4 Bxf4 53.Bb4 Rc7 54.Bc5 Rf7 55.Ke2 Ba4 56.Nd5 Bb5+ 57.Ke1 e3
58.Nxf4+ Rxf4 59.d5 e2 60.Bf2 Rb4 61.Rg5+ Kh6 62.Kd2 Rxb2+ 63.Kc3 Rb1 64.Re5 Kg7
65.Kd4 Rf1 66.Bg3 Kf6 67.Re3 Kf5 68.d6 Kg4 69.Ke5 Rf7 70.Be1 Rf1 71.Bg3 Kh3
72.d7 Bxd7 73.Be1+ Kg4 74.Rxe2 Rf5+ 75.Kd6  1/2-1/2

[Event "TCh-HUN 2012-13"]
[Site "Kecskemet HUN"]
[Date "2012.10.07"]
[Round "2"]
[White "Siklosi,Z"]
[Black "Groszpeter,A"]
[Result "0-1"]
[WhiteElo "2329"]
[BlackElo "2481"]

1.e4 c5 2.Nf3 d6 3.Bb5+ Nc6 4.Bxc6+ bxc6 5.O-O Bg4 6.c3 Nf6 7.Re1 e6 8.d4 cxd4
9.cxd4 Be7 10.Qa4 O-O 11.Nbd2 Qb8 12.b3 Qb5 13.Qxb5 cxb5 14.Ba3 Rfc8 15.Rac1 Bxf3
16.Nxf3 Rxc1 17.Bxc1 Rc8 18.Ba3 Bf8 19.e5 dxe5 20.Bxf8 e4 21.Bc5 exf3 22.gxf3 a6
23.Kf1 Nd5 24.Ke2 g5 25.Kd3 Kg7 26.Ra1 Rb8 27.Kc2 Kg6 28.a4 f6 29.axb5 axb5
30.Ra6 Kf5 31.Ra7 h5 32.Kd3 h4 33.b4 h3 34.Ke2 Rg8 35.Ra3 Rh8 36.Kf1 Re8
37.Ra5 Rb8 38.Ra7 Nf4 39.Bd6 Rd8 40.Bc5 e5 41.Ra5 exd4 42.Rxb5 Kg6 43.Ra5 Nd3
44.Ra3 Ne5 45.f4 gxf4 46.Rxh3 d3 47.Ke1 d2+ 48.Kd1 Nd3 49.Rxd3 Rxd3 50.f3 Kf5
51.b5 Rd5 52.Bb4 Rxb5 53.Bxd2 Re5 54.Bc1 Re8 55.h3 Kg5 56.Bd2 Rd8 57.Ke2 Rxd2+  0-1

[Event "TCh-ROU League A 2012"]
[Site "Olanesti ROU"]
[Date "2012.10.07"]
[Round "2.1"]
[White "Burnoiu,N1"]
[Black "Shishkin,Va UKR"]
[Result "0-1"]
[WhiteElo "2406"]
[BlackElo "2496"]

1.e4 c5 2.Nf3 d6 3.Bb5+ Nc6 4.O-O Bd7 5.Re1 a6 6.Bxc6 Bxc6 7.d4 cxd4 8.Nxd4 e6
9.Nxc6 bxc6 10.c4 Be7 11.Nc3 Nf6 12.Bf4 e5 13.Bg5 O-O 14.Qd2 h6 15.Bxf6 Bxf6
16.Na4 Be7 17.c5 dxc5 18.Qc2 Qa5 19.Re3 Rfd8 20.Rc3 Rab8 21.b3 Rb5 22.g3 Rd4
23.h4 Qd8 24.Qe2 Rd2 25.Qf3 Qd4 26.Rf1 Rb4 27.a3 Rb8 28.Rfc1 g6 29.Rc4 Rd3
30.Qe2 Qd7 31.Nxc5 Bxc5 32.Rxc5 Rbxb3 33.Kg2 Rd2 34.Qc4 Rxa3 35.Rxc6 Qg4
36.Rc8+ Kg7 37.Rc3 Rxc3 38.Qxc3 Qxe4+ 39.Qf3 Qxf3+ 40.Kxf3 Rd6 41.Ke4 Kf6
42.Rc5 Rd4+ 43.Ke3 Ra4 44.Rc6+ Kf5 45.h5 a5 46.hxg6 fxg6 47.Rc5 Ra3+ 48.Ke2 a4
49.Rc4 h5 50.Rb4 Ra1 51.Kf3 a3 52.Ra4 g5 53.Kg2 a2 54.Kh2 e4 55.Kg2 h4 56.Ra5+ Kg4
57.Ra3 Kh5 58.gxh4 gxh4 59.Ra8 h3+ 60.Kh2 Kg4 61.Ra3 Kf4  0-1

[Event "TCh-AUT 2 West 2012-13"]
[Site "Woergl AUT"]
[Date "2012.10.07"]
[Round "3.4"]
[White "Hoellrigl,W"]
[Black "Neuschmied,S"]
[Result "1-0"]
[WhiteElo "2199"]
[BlackElo "2243"]

1.Nf3 c5 2.e4 d6 3.Bb5+ Nd7 4.O-O a6 5.Bxd7+ Bxd7 6.c3 Nf6 7.Re1 e5 8.d4 Qc7
9.Bg5 Be7 10.dxe5 dxe5 11.Nbd2 Rd8 12.Qc2 c4 13.Nf1 Bc6 14.Bxf6 Bxf6 15.Ne3 b5
16.Rad1 O-O 17.Nd5 Bxd5 18.exd5 Rfe8 19.Qe4 g6 20.g4 Bg7 21.Rd2 Rd6 22.Red1 f5
23.gxf5 gxf5 24.Qxf5 Rf8 25.Qe4 Rf4 26.Qe2 e4 27.Nd4 Rg6+ 28.Kh1 Rh4 29.f3 Be5
30.f4 Bxf4 31.Qxe4 Bxd2 32.Qe8+ Kg7 33.Nf5+ Kf6 34.Nxh4 Rg4 35.Qe6+ Kg5 36.Nf3+ Kh5
37.Rxd2  1-0

[Event "FSFMB October 2012"]
[Site "Budapest HUN"]
[Date "2012.10.08"]
[Round "2.3"]
[White "Lakat,G"]
[Black "Goldie,Thomas"]
[Result "1/2-1/2"]
[WhiteElo "1893"]
[BlackElo "1722"]

1.e4 c5 2.Nf3 d6 3.Bb5+ Bd7 4.a4 Nf6 5.Nc3 g6 6.O-O Bg7 7.d4 cxd4 8.Nxd4 Nc6
9.Be3 O-O 10.f3 a6 11.Be2 Qb6 12.Qd2 Nxd4 13.Bxd4 Qc7 14.g4 Rac8 15.Rfc1 Be6
16.b3 Rfd8 17.a5 Nd7 18.Bxg7 Kxg7 19.Na4 Ne5 20.c4 Nd7 21.Kg2 Kg8 22.h4 Nc5
23.Rcb1 Nxa4 24.Rxa4 Bd7 25.Raa1 e6 26.h5 Be8 27.Rh1 Bc6 28.Qh6 d5 29.hxg6 fxg6
30.exd5 exd5 31.Bd3 Qg7 32.Qxg7+ Kxg7 33.Rae1 Re8 34.Kg3 dxc4 35.Bxc4 g5
36.Bd3 Rxe1 37.Rxe1 Rc7 38.Re5 h6 39.Re6 Rf7 40.Rg6+ Kf8 41.Bf5 Re7 42.Kf2 Re5
43.Rxh6 Rxa5 44.Rf6+ Ke7 45.Re6+ Kf7 46.Re2 Rb5 47.Be6+ Kf6 48.Bc4 Re5 49.Rd2 Ke7  1/2-1/2

[Event "TCh-CHN 2012"]
[Site "Hangzhou CHN"]
[Date "2012.10.08"]
[Round "17"]
[White "Yu Ruiyuan"]
[Black "Ma,Zhonghan"]
[Result "1-0"]
[WhiteElo "2511"]
[BlackElo "2369"]

1.e4 c5 2.Nf3 d6 3.Bb5+ Nc6 4.d4 cxd4 5.Qxd4 Bd7 6.Bxc6 Bxc6 7.Nc3 Nf6 8.Bg5 e6
9.Qd3 Be7 10.Nd4 O-O 11.O-O-O Qc7 12.f4 Rac8 13.Kb1 h6 14.h4 Rfd8 15.f5 e5
16.Bxf6 Bxf6 17.Nxc6 bxc6 18.g4 d5 19.Qg3 Be7 20.g5 h5 21.g6 Bf6 22.Qf3 Qb7
23.Ne2 Rb8 24.b3 dxe4 25.Qxh5 c5 26.Qh7+ Kf8 27.h5 c4 28.h6 cxb3 29.axb3 Rd3
30.Nc1 Rxd1 31.Rxd1 fxg6 32.fxg6 Qb5 33.c4 Qxc4 34.Rd8+ Rxd8 35.bxc4 e3 36.Qh8+  1-0

[Event "TCh-CHN 2012"]
[Site "Hangzhou CHN"]
[Date "2012.10.08"]
[Round "17"]
[White "Harikrishna,P"]
[Black "Gao Rui"]
[Result "1-0"]
[WhiteElo "2678"]
[BlackElo "2417"]

1.e4 c5 2.Nf3 d6 3.Bb5+ Nc6 4.O-O Bd7 5.Re1 Nf6 6.c3 a6 7.Ba4 b5 8.Bc2 e5
9.h3 Be7 10.d4 Qc7 11.d5 Na5 12.b3 O-O 13.Nbd2 g6 14.Nf1 Nb7 15.Bh6 Rfc8
16.c4 bxc4 17.bxc4 Na5 18.Qd3 Rab8 19.Bd2 Nh5 20.Ne3 Nf4 21.Qa3 Bd8 22.Rab1 Rxb1
23.Rxb1 Ra8 24.Kf1 h5 25.Ba4 Bc8 26.Be8 Kg7 27.Qa4 Ra7 28.h4 Bg4 29.Nxg4 hxg4
30.Ne1 Nh5 31.Bxa5 Qxa5 32.Qxa5 Bxa5 33.Bc6 Bd8 34.Nc2 Bxh4 35.g3 Bg5 36.Ke2 f5
37.Rb7+ Rxb7 38.Bxb7 a5 39.Bc8 f4 40.gxf4 g3 41.fxg3 Nxg3+ 42.Kf3 Bxf4 43.Bh3 Nh5
44.Na3 Kf6 45.Nb5 Ke7 46.Na7 Kd8 47.Nc6+ Kc7 48.Nxa5 Nf6 49.Nc6 Nh7 50.Bg2 Bd2
51.Na7 Ng5+ 52.Ke2 Ba5 53.Nc6 Bb4 54.Ne7 Nf7 55.Nxg6 Nd8 56.Ne7 Ba3 57.Kf3 Kd7
58.Nf5 Bb4 59.Kg4 Nf7 60.Kh5 Bd2 61.Kg6 Ng5 62.Ng7 Ke7 63.Nf5+ Kd7 64.a4 Bc1
65.Ng7 Kc7 66.Ne6+  1-0

[Event "TCh-ROU League A 2012"]
[Site "Olanesti ROU"]
[Date "2012.10.08"]
[Round "3.1"]
[White "Geanta,H"]
[Black "Burnoiu,N1"]
[Result "1/2-1/2"]
[WhiteElo "2297"]
[BlackElo "2406"]

1.e4 c5 2.Nf3 d6 3.Bb5+ Nd7 4.O-O a6 5.Bxd7+ Bxd7 6.d4 cxd4 7.Qxd4 e5 8.Qd3 h6
9.c4 b5 10.b3 Rc8 11.Nc3 bxc4 12.bxc4 Nf6 13.Be3 Qc7 14.Nd2 Be7 15.Rab1 O-O
16.Rb6 Ra8 17.c5 dxc5 18.Rxf6 Bxf6 19.Nd5 Bb5 20.Qxb5 axb5 21.Nxc7 Rxa2 22.Nxb5 Bg5
23.Bxg5 hxg5 24.Nc4 Rb8 25.Nbd6 f6 26.h3 Rc2 27.Ne3 Rd2 28.Nec4 Rd4 29.Rc1 Rb4
30.f3 Kf8 31.Rc2 g6 32.Kf2 Rb8 33.Ra2 Rd8 34.Ra6  1/2-1/2

[Event "72nd ch-ITA 2012"]
[Site "Torino ITA"]
[Date "2012.10.10"]
[Round "11"]
[White "Rombaldoni,Ax"]
[Black "Dvirnyy,D"]
[Result "0-1"]
[WhiteElo "2446"]
[BlackElo "2522"]

1.e4 c5 2.Nf3 d6 3.Bb5+ Nd7 4.d4 cxd4 5.Qxd4 a6 6.Bxd7+ Bxd7 7.Nc3 e5 8.Qd3 h6
9.Nd2 Rc8 10.Nc4 Be6 11.Ne3 Nf6 12.O-O Be7 13.Ncd5 Nxd5 14.Nxd5 Bxd5 15.Qxd5 Rxc2
16.Qxb7 Qc8 17.Qxc8+ Rxc8 18.Bd2 Kd7 19.Bc3 Rc4 20.Rfe1 Rhc8 21.Rad1 Ke6
22.g3 Bd8 23.Rd3 Bb6 24.Kg2 R8c6 25.Re2 a5 26.f4 g6 27.Kf3 f6 28.g4 exf4
29.Kxf4 a4 30.Kg3 a3 31.Rf3 Bd8 32.Ref2 Rxe4 33.Bxf6 Bb6 34.Rf1 Rc2 35.Rxa3 Ree2
36.Bh8 Rg2+ 37.Kf3 Rxh2 38.Re1+ Kd7 39.Rb3 Bc7 40.Rd3 Rhf2+ 41.Kg3 Rg2+ 42.Kh3 Rh2+
43.Kg3 Bd8 44.Rf1 Bh4+ 45.Kf3 Rc8 46.Bg7 Re8 47.Rb3 Be1 48.Ra3 Kc6 49.Ra6+ Kd5
50.Ra4 Re7 51.Rd4+ Kc6 52.Bf6 Rh3+ 53.Kg2 Rg3+ 54.Kh1 Re2 55.Rc4+ Kd7 56.Bg7 Rh3+
57.Kg1 Rg3+ 58.Kh1 Bd2 59.Rf7+ Ke6 60.Rf6+ Kd5 61.Rd4+ Kc5 62.b4+ Kb5 63.Rd5+ Ka4
64.Bf8 Rh3+ 65.Kg1 Be3+ 66.Kf1 Rb2 67.Ke1 Rh1+ 68.Rf1 Bf2+  0-1

[Event "17th European Club Cup w"]
[Site "Eilat ISR"]
[Date "2012.10.11"]
[Round "1.4"]
[White "Klinova,M"]
[Black "Bodnaruk,A"]
[Result "1/2-1/2"]
[WhiteElo "2324"]
[BlackElo "2425"]

1.e4 c5 2.Nf3 d6 3.Bb5+ Nd7 4.O-O Nf6 5.Re1 a6 6.Bf1 b6 7.d4 cxd4 8.Nxd4 Bb7
9.f3 e6 10.c4 Be7 11.Nc3 O-O 12.Be3 Rc8 13.Rc1 Qc7 14.Qd2 Qb8 15.b3 Bd8 16.Red1 Bc7
17.g3 Rfe8 18.Bg2 h5 19.Bg5 Nh7 20.Be3 Ne5 21.h3 Nf6 22.Nde2 Ng6 23.Nf4 Ne7
24.g4 hxg4 25.hxg4 d5 26.cxd5 exd5 27.Nfxd5 Nexd5 28.exd5 Nxd5 29.Nxd5 Bxd5
30.Bd4 Bh2+ 31.Kf1 Rxc1 32.Qxc1 Bf4 33.Qb2 Qd6 34.Re1 Rxe1+ 35.Kxe1 f6 36.Qc3 Kf7
37.Bf1 b5 38.Be2 Bg5 39.Qc5 Qg3+ 40.Bf2 Qe5 41.Qd4 Qxd4 42.Bxd4 Ke6 43.Kf2 Bf4
44.Bd3 Kd6 45.Ba7 g5 46.Bd4 Be5 47.Ba7 Bf4 48.Bd4 Be5 49.Ba7 Bf4 50.Bd4 Be5  1/2-1/2

[Event "28th European Club Cup"]
[Site "Eilat ISR"]
[Date "2012.10.11"]
[Round "1.7"]
[White "Friedrich,N"]
[Black "Khismatullin,D"]
[Result "1/2-1/2"]
[WhiteElo "2302"]
[BlackElo "2638"]

1.e4 c5 2.Nf3 d6 3.Bb5+ Nd7 4.O-O Nf6 5.Re1 a6 6.Bf1 b6 7.d4 cxd4 8.Nxd4 Bb7
9.f3 e6 10.c4 Be7 11.Nc3 O-O 12.Be3 Qc7 13.Rc1 Rfc8 14.b4 Qd8 15.a3 Rab8
16.Qd2 Ba8 17.Na4 h5 18.Nb3 h4 19.h3 Nh5 20.Red1 Bc6 21.Nb2 Ng3 22.Bd3 Ne5
23.Bb1 Bf6 24.Nd4 Ba8 25.Ne2 Nxe2+ 26.Qxe2 Qe7 27.Ba2 Ng6 28.Nd3 Bg5 29.Qd2 Bxe3+
30.Qxe3 Bc6 31.Bb3 e5 32.Rd2 Qf6 33.Rcd1 Rd8 34.Nc1 Qe7 35.Ne2 a5 36.Rd3 axb4
37.axb4 b5 38.c5 dxc5 39.Rxd8+ Rxd8 40.Rxd8+ Qxd8 41.Qxc5 Be8 42.Bd5 Kh7
43.Kh2 Kh6 44.Qc1+ Qg5 45.Qc8 Qe7 46.Qb8 Kh7 47.Qc8 Kh6 48.Qc1+ Qg5 49.Qc8 Nf4
50.Nxf4 Qg3+ 51.Kh1 Qe1+ 52.Kh2 Qg3+  1/2-1/2

[Event "TCh-Belgrade Premier 2012"]
[Site "Belgrade SRB"]
[Date "2012.10.12"]
[Round "11.3"]
[White "Peovic,M"]
[Black "Dimic,P"]
[Result "1/2-1/2"]
[WhiteElo "2268"]
[BlackElo "2185"]

1.e4 c5 2.Nf3 d6 3.Bb5+ Bd7 4.Bxd7+ Qxd7 5.O-O Nf6 6.Re1 Nc6 7.c3 e6 8.d3 Be7
9.Bg5 O-O 10.Nbd2 h6 11.Bh4 Rfd8 12.a3 d5 13.e5 Ne8 14.Bxe7 Qxe7 15.b4 Nc7
16.Qc2 Rac8 17.Qb2 cxb4 18.axb4 d4 19.Nxd4 Nxd4 20.cxd4 Nb5 21.Nf3 Qd7 22.Re4 Qc6
23.h4 Qc3 24.Qxc3 Rxc3 25.Ne1 a6 26.d5 exd5 27.Re2 Nd4 28.Rb2 g5 29.hxg5 hxg5
30.Kh2 Re8 31.b5 Nxb5 32.d4 Nxd4 33.Rxb7 Rxe5 34.Rd1 Ne6 35.Ra7 Re2 36.Rxa6 Rxf2
37.Rxd5 Re3 38.Ra1 g4 39.Nd3 g3+ 40.Kg1 Rc2 41.Re1 Rxe1+ 42.Nxe1 Re2 43.Kf1 Rf2+
44.Kg1 f5 45.Nd3 Rd2 46.Kf1 Kg7 47.Ke1 Rxg2 48.Rxf5 Nd4 49.Kf1 Nxf5  1/2-1/2

[Event "e2e4 High Wycombe October Open"]
[Site "High Wycombe ENG"]
[Date "2012.10.12"]
[Round "1.6"]
[White "Lyell,M"]
[Black "Moss,Guy"]
[Result "0-1"]
[WhiteElo "2219"]
[BlackElo "1927"]

1.e4 c5 2.Nf3 d6 3.Bb5+ Bd7 4.Bxd7+ Nxd7 5.O-O Ngf6 6.Re1 e6 7.d4 cxd4 8.Qxd4 Be7
9.c4 O-O 10.Nc3 a6 11.Bg5 Qc7 12.Rac1 Ne5 13.Nxe5 dxe5 14.Qd3 Rfd8 15.Qg3 Nh5
16.Qh4 Bxg5 17.Qxg5 Nf4 18.Rcd1 h6 19.Qh4 Rd4 20.g3 Nd3 21.Re2 Qxc4 22.Qe7 Rb8
23.Qa3 Rbd8 24.Qa5 R8d7 25.b3 Qc6 26.Nb1 Nf4 27.Red2 Ne2+ 28.Kf1 Qxe4  0-1

[Event "2nd Indonesia Open"]
[Site "Jakarta INA"]
[Date "2012.10.12"]
[Round "2.37"]
[White "Pamungkas,J"]
[Black "Novita,A"]
[Result "0-1"]
[WhiteElo "2221"]
[BlackElo "2339"]

1.e4 c5 2.Nf3 d6 3.Bb5+ Nd7 4.O-O a6 5.Bc4 Nb6 6.Na3 Nf6 7.Re1 Nxc4 8.Nxc4 b5
9.Na3 Bb7 10.d3 e6 11.c3 Be7 12.Nc2 O-O 13.Bg5 Rc8 14.a4 bxa4 15.Rxa4 Qb6
16.Qa1 Rfe8 17.Ne3 d5 18.e5 Nd7 19.Bf4 Ra8 20.d4 Reb8 21.h3 Bc6 22.Ra2 cxd4
23.cxd4 Bb5 24.Qb1 Rc8 25.b3 Rc3 26.Rd1 Rac8 27.Rc2 Rxc2 28.Nxc2 Be2 29.Rd2 Bxf3
30.gxf3 Rc3 31.Ne1 Rxb3 32.Qc2 Rb1 33.Rd1 Rxd1 34.Qxd1 Qb4 35.Be3 Nb6 36.Nd3 Qb5
37.Nc1 Nc4 38.Qc2 a5 39.Qb3 Qxb3 40.Nxb3 a4 41.Nc1 Bb4 42.Kf1 Nxe3+ 43.fxe3  0-1

[Event "2nd Indonesia Open"]
[Site "Jakarta INA"]
[Date "2012.10.12"]
[Round "3.7"]
[White "Wang Chen"]
[Black "Xiu Deshun"]
[Result "1/2-1/2"]
[WhiteElo "2469"]
[BlackElo "2525"]

1.e4 c5 2.Nf3 d6 3.Bb5+ Bd7 4.Bxd7+ Qxd7 5.O-O Nf6 6.Re1 Nc6 7.c3 e6 8.d4 cxd4
9.cxd4 d5 10.e5 Ne4 11.Nbd2 Nxd2 12.Bxd2 Bb4 13.Rc1 Bxd2 14.Qxd2 O-O 15.Rc3 Rfc8
16.Rec1 Ne7 17.Ne1 Rxc3 18.Rxc3 Rc8 19.b3 Rc6 20.Nc2 Qc7 21.Rxc6 Qxc6 22.Ne3 b6
23.Qc2 h6 24.Qxc6 Nxc6 25.Nc2 Kf8 26.Kf1 Ke7 27.Ke2 f6 28.f4 Kf7 29.Ke3 Kg6
30.Kf3 h5 31.g3 Kf5 32.Ne3+ Kg6 33.Nc2 Kf7 34.h3 Kg6 35.Ke3 Kf5 36.Kf3 Kg6
37.Ke3 Kf7 38.Kf3 Ne7 39.Ne3 Nc6 40.Nc2 Ne7 41.Ne3 Kg6 42.exf6 Kxf6 43.g4 g6
44.Nc2 Nc6 45.Ke3 Ke7 46.Ne1 Kf6 47.Nd3 hxg4 48.hxg4 Ke7 49.Ne5 Nxe5 50.fxe5 g5
51.b4 Kd7 52.b5 Kc7 53.a4 Kd7 54.Kd3  1/2-1/2

[Event "7th Americas Continental 2012"]
[Site "Mar del Plata ARG"]
[Date "2012.10.12"]
[Round "1.53"]
[White "Supi,L"]
[Black "De Freitas,Ju"]
[Result "1-0"]
[WhiteElo "2287"]
[BlackElo "1882"]

1.e4 c5 2.Nf3 d6 3.Bb5+ Nc6 4.O-O Bd7 5.Re1 e6 6.c3 g6 7.d4 Qb6 8.Na3 Nf6
9.d5 Ne5 10.Nxe5 Bxb5 11.Bg5 Be7 12.Qf3 O-O 13.Bxf6 Bxf6 14.Qxf6 dxe5 15.c4 Bd7
16.Qxe5 Rfe8 17.Qc3 Rac8 18.Nc2 Qc7 19.e5 b5 20.d6 Qb7 21.b3 Red8 22.cxb5 Bxb5
23.Ne3 Qc6 24.Ng4 f5 25.exf6 Qxd6 26.f7+ Kf8 27.Qh8+ Ke7 28.Qf6+  1-0

[Event "28th European Club Cup"]
[Site "Eilat ISR"]
[Date "2012.10.13"]
[Round "3.10"]
[White "Svetushkin,D"]
[Black "Timofeev,Arty"]
[Result "1/2-1/2"]
[WhiteElo "2597"]
[BlackElo "2631"]

1.e4 c5 2.Nf3 d6 3.Bb5+ Bd7 4.Bxd7+ Nxd7 5.c4 g6 6.Nc3 Bg7 7.O-O Rc8 8.b3 Ne5
9.Nxe5 dxe5 10.d3 Nf6 11.Be3 O-O 12.a3 Qd7 13.b4 Rfd8 14.bxc5 Qxd3 15.Nd5 Qxd1
16.Rfxd1 Bf8 17.Rab1 Nxe4 18.f3 Nxc5 19.Bxc5 Rxc5 20.Nf6+ exf6 21.Rxd8 b6
22.Rbd1 Rxc4 23.R1d7 Rd4 24.Rxd4 exd4 25.Kf1 Kg7 26.Rxd4 Bxa3 27.Ra4 Bd6
28.Rxa7 Bxh2 29.Rb7 h5 30.g4 hxg4 31.fxg4 Be5 32.Rxb6 Kh6 33.Kg2 Kg5 34.Kf3 f5
35.gxf5 Kxf5 36.Rb4 f6 37.Ra4 Kg5 38.Ra5 Kh5 39.Ra4 f5 40.Ra5 Bf6 41.Rb5 Kg5
42.Rb6 Be7 43.Re6 Bf8 44.Ra6 Kh6 45.Ra5 Bb4 46.Rb5 Bd2 47.Rd5 Bg5 48.Rd7 Bc1  1/2-1/2

[Event "2nd Indonesia Open"]
[Site "Jakarta INA"]
[Date "2012.10.13"]
[Round "4.6"]
[White "Iordachescu,V"]
[Black "Dao Thien Hai"]
[Result "1/2-1/2"]
[WhiteElo "2637"]
[BlackElo "2523"]

1.e4 c5 2.Nf3 d6 3.Bb5+ Bd7 4.Bxd7+ Qxd7 5.O-O Nf6 6.Qe2 Nc6 7.Rd1 e6 8.c4 e5
9.d3 Be7 10.Bg5 Ng4 11.Bd2 f5 12.exf5 Qxf5 13.Nc3 O-O 14.Nd5 Rae8 15.Re1 Bd8
16.h3 Nf6 17.Nxf6+ Rxf6 18.Qe4 Ref8 19.Qxf5 Rxf5 20.Re4 Ba5 21.Be3 Rb8 22.Rd1 h6
23.Nh2 b5 24.Bc1 Nb4 25.a3 Nc6 26.Ng4 Rf7 27.Ne3 Nd4 28.Nd5 bxc4 29.dxc4 Rb3
30.h4 Bd8 31.Nc3  1/2-1/2

[Event "2nd Indonesia Open"]
[Site "Jakarta INA"]
[Date "2012.10.13"]
[Round "5.23"]
[White "Wang Chen"]
[Black "Halay,T"]
[Result "1-0"]
[WhiteElo "2469"]
[BlackElo "2366"]

1.e4 c5 2.Nf3 d6 3.Bb5+ Nd7 4.O-O a6 5.Bxd7+ Bxd7 6.Re1 e5 7.c3 Ne7 8.d4 Ng6
9.dxc5 dxc5 10.c4 Be6 11.Qe2 Bd6 12.Nc3 O-O 13.Be3 f6 14.Red1 Qc7 15.Rac1 Rad8
16.Ne1 Nf4 17.Qf1 f5 18.Nf3 fxe4 19.Ng5 Bg4 20.Rd2 Be7 21.Ngxe4 Rxd2 22.Bxd2 Qc6
23.Re1 Bh4 24.Bxf4 exf4 25.Qd3 f3 26.g3 Bd8 27.Rd1 Qh6 28.Nxc5 Bb6 29.Qd5+ Kh8
30.h4 Qg6 31.N5e4 Be6 32.Qd6 Rd8 33.Qxb6 Rxd1+ 34.Nxd1 Qxe4 35.Ne3 Bg8 36.Kh2 h6
37.b3 Kh7 38.Qc7 Qd3 39.g4 b5 40.cxb5 axb5 41.Nf5  1-0

[Event "TATA 50th ch-IND National Premier 2012"]
[Site "Kolkata IND"]
[Date "2012.10.13"]
[Round "12.9"]
[White "Satyapragyan,S"]
[Black "Debashis,D"]
[Result "1/2-1/2"]
[WhiteElo "2456"]
[BlackElo "2454"]

1.e4 c5 2.Nf3 d6 3.Bb5+ Nc6 4.O-O Bd7 5.Re1 Nf6 6.c3 a6 7.Bf1 Bg4 8.d3 e6
9.h3 Bh5 10.Nbd2 Be7 11.a3 O-O 12.b4 b5 13.Bb2 Qb6 14.d4 Rfd8 15.e5 dxe5
16.dxc5 Qc7 17.Qe2 Nd5 18.c4 Nf4 19.Qe3 Bf6 20.Ne4 bxc4 21.Bxc4 Be7 22.Ng3 Bxf3
23.Qxf3 a5 24.Rac1 axb4 25.axb4 Ra4 26.b5 Nd4 27.Bxd4 Rxd4 28.b6 Qxc5 29.Bb3 Qxb6
30.Bxa4 Rxa4 31.Rb1 Rb4 32.Qa8+ Bf8 33.Rxb4 Qxb4 34.Rxe5 g6 35.Re4 Qb1+ 36.Kh2 Nd5
37.Rc4 h5 38.Rc8 Qb4 39.Rb8 Qd6 40.Rd8 Qb4 41.Rb8 Qd6 42.Rd8 Qb4 43.Qb8 Qxb8
44.Rxb8 Kg7 45.Rd8 Be7 46.Rd7 Bh4 47.Ne4 Nf6 48.Nxf6 Bxf6 49.Kg3 g5 50.Kf3 Kg6
51.g4 hxg4+ 52.hxg4 Bg7 53.Ke3 Be5 54.Ke4 Bf4 55.f3 f5+ 56.Kd4 Kf6 57.Rb7 Be5+
58.Kc4 Bg3 59.Rb5 Bh2 60.Rb2 Bg3 61.Re2 Bd6 62.Kb5 Bf4 63.Kc6 Bg3 64.Kd7 e5
65.Kc6 e4 66.fxe4 fxg4 67.Kd5 Bf4 68.e5+ Ke7 69.Ra2 g3 70.Ra7+ Kf8 71.Ra8+ Ke7
72.Ra7+ Kf8 73.Ra2 Ke7 74.Rc2 Be3 75.Ke4 Bf2  1/2-1/2

[Event "6th SPICE Cup GM"]
[Site "St Louis USA"]
[Date "2012.10.13"]
[Round "1"]
[White "Balogh,C"]
[Black "Vachier Lagrave,M"]
[Result "1/2-1/2"]
[WhiteElo "2664"]
[BlackElo "2705"]

1.e4 c5 2.Nf3 d6 3.Bb5+ Bd7 4.Bxd7+ Qxd7 5.c4 Nf6 6.Nc3 g6 7.d4 cxd4 8.Nxd4 Bg7
9.f3 O-O 10.Be3 Rc8 11.b3 a6 12.a4 Nc6 13.O-O Qd8 14.Rb1 e6 15.Nde2 Qa5 16.Qxd6 Ne8
17.Qd2 Rd8 18.Qe1 Rd3 19.Nd1 Qb4 20.Nc1 Rd7 21.Qxb4 Nxb4 22.Nf2 Nc2 23.Bc5 b6
24.Bxb6 Na3 25.Ncd3 Nxb1 26.Rxb1 a5 27.e5 f5 28.Kf1 Rb7 29.c5 Nc7 30.Nb2 Bxe5
31.Nc4 Bxh2 32.Bxa5 Nd5 33.b4 Ne3+ 34.Nxe3 Rxa5 35.c6 Rb8 36.Nd3 Rxa4 37.f4 Ra3
38.Ke2 g5 39.Nc4 Rc3 40.Nce5 Bxf4 41.Nxf4 gxf4 42.Kd2 Re3 43.Nc4 Rd8+ 44.Kc2 Rg3
45.b5 Rc8 46.Nd6 Rc7 47.Ra1 Kf8 48.Ra8+ Ke7 49.Ne8 Rd7 50.cxd7 Rxg2+ 51.Kc3 Kxd7
52.Ra7+ Kxe8 53.b6 Rg1 54.b7 Rb1 55.Ra8+ Kf7 56.b8=Q Rxb8 57.Rxb8 e5 58.Kc4 Kf6
59.Kd5 e4 60.Rf8+ Kg5 61.Ke5 Kg4 62.Rxf5 e3 63.Rxf4+ Kg3 64.Re4 Kf2 65.Kf4 e2
66.Kg5 h6+ 67.Kxh6 e1=Q 68.Rxe1 Kxe1  1/2-1/2

[Event "28th European Club Cup"]
[Site "Eilat ISR"]
[Date "2012.10.14"]
[Round "4.15"]
[White "Rapaire,J"]
[Black "Kaufeld,J"]
[Result "0-1"]
[WhiteElo "1899"]
[BlackElo "2326"]

1.e4 c5 2.Nf3 d6 3.Bb5+ Nd7 4.O-O Nf6 5.e5 dxe5 6.Nxe5 a6 7.Nxd7 Bxd7 8.Bxd7+ Qxd7
9.d3 e6 10.Nd2 Be7 11.b3 O-O 12.Bb2 Rfd8 13.a4 b6 14.Qf3 Qd5 15.Bxf6 Bxf6
16.Qxd5 exd5 17.Rad1 b5 18.axb5 axb5 19.c4 Ra2 20.cxd5 Rxd5 21.Ne4 Bd4 22.Rd2 Ra3
23.Rb1 h6 24.Kf1 f5 25.Ng3 Bc3 26.Rdd1 Kf7 27.Ne2 Bf6 28.f4 b4 29.Nc1 g5
30.g3 Rd8 31.Re1 gxf4 32.gxf4 Rd4 33.Re3 Rxf4+ 34.Kg2 Ra8 35.h3 Bd4 36.Re2 Rg8+
37.Kh2 Rf1 38.Rg2 Be5+  0-1

[Event "28th European Club Cup"]
[Site "Eilat ISR"]
[Date "2012.10.14"]
[Round "4.11"]
[White "Nyysti,S"]
[Black "Popilski,G"]
[Result "0-1"]
[WhiteElo "2343"]
[BlackElo "2475"]

1.e4 c5 2.Nf3 d6 3.Bb5+ Nd7 4.c3 Nf6 5.Qe2 a6 6.Ba4 b5 7.Bc2 e5 8.d4 g6 9.dxe5 dxe5
10.a4 Rb8 11.O-O Bg7 12.axb5 axb5 13.c4 b4 14.Nbd2 O-O 15.Nb3 Bb7 16.Ne1 Qc7
17.f3 Nh5 18.g3 f5 19.Be3 Rf7 20.Bf2 Bf8 21.Ng2 f4 22.Ne1 Ng7 23.Nd3 Ne6
24.g4 h5 25.gxh5 g5 26.Kh1 Rh7 27.Rg1 Rxh5 28.Be1 Kf7 29.Nf2 Be7 30.Ng4 Rbh8
31.Rg2 Nf6 32.Nxf6 Bxf6 33.Bd2 Rh3 34.Bd3 Bc8 35.Rag1 Qd6 36.Rf2 g4 37.Rxg4 Nd4
38.Nxd4 Bxg4 39.Nf5 Bxf5 40.exf5 Bh4  0-1

[Event "BSF IM Cup 2012"]
[Site "Copenhagen DEN"]
[Date "2012.10.15"]
[Round "7.3"]
[White "Larsen,Ka"]
[Black "Kenneskog,Theodor"]
[Result "1/2-1/2"]
[WhiteElo "2297"]
[BlackElo "2203"]

1.e4 c5 2.Nf3 d6 3.Bb5+ Nd7 4.c3 Nf6 5.Qe2 a6 6.Ba4 e5 7.O-O Be7 8.d4 b5
9.Bc2 O-O 10.Rd1 Qc7 11.d5 c4 12.Nbd2 Re8 13.Nf1 Bf8 14.h3 g6 15.g4 Nb6 16.N3h2 a5
17.Ng3 Nfd7 18.Be3 Nc5 19.Qd2 Nba4 20.Rab1 Rb8 21.a3 Nb3 22.Bxb3 cxb3 23.Nf3 b4
24.cxb4 axb4 25.Rdc1 Qd7 26.axb4 Qb5 27.Rc7 Qxb4 28.Ra7 Nc5 29.Qxb4 Rxb4
30.Bxc5 dxc5 31.Rc1 Bb7 32.g5 c4 33.Ne2 Bc5 34.Ra5 Bb6 35.Ra3 Kg7 36.Nd2 Rc8
37.Nf3 Re8 38.Nd2 Rc8 39.Nf3  1/2-1/2

[Event "17th European Club Cup w"]
[Site "Eilat ISR"]
[Date "2012.10.15"]
[Round "5.2"]
[White "Muzychuk,M"]
[Black "Dotan,V"]
[Result "1-0"]
[WhiteElo "2474"]
[BlackElo "2064"]

1.e4 c5 2.Nf3 d6 3.Bb5+ Nd7 4.d4 Nf6 5.Nc3 a6 6.Bxd7+ Nxd7 7.O-O e6 8.d5 Ne5
9.Nxe5 dxe5 10.f4 Qc7 11.Qh5 Bd6 12.f5 g6 13.fxg6 fxg6 14.Qh4 Be7 15.Bg5 Qd8
16.Qf2 Qd7 17.Qf7+ Kd8 18.dxe6  1-0

[Event "2nd Indonesia Open"]
[Site "Jakarta INA"]
[Date "2012.10.15"]
[Round "6.10"]
[White "Ghaem Maghami,E"]
[Black "Xu Jun"]
[Result "1/2-1/2"]
[WhiteElo "2557"]
[BlackElo "2506"]

1.e4 c5 2.Nf3 d6 3.Bb5+ Nd7 4.d4 a6 5.Bxd7+ Bxd7 6.dxc5 dxc5 7.Nc3 e6 8.Bf4 Ne7
9.Ne5 Ng6 10.Qh5 Qe7 11.Nxg6 fxg6 12.Qe5 Qf6 13.O-O-O Qxe5 14.Bxe5 Bc6 15.f3 Kf7
16.Bd6 Bxd6 17.Rxd6 Ke7 18.Rd3 g5 19.Re1 Rad8 20.Kd2 c4 21.Rxd8 Rxd8+ 22.Ke3 b5
23.Rd1 Rxd1 24.Nxd1 Kd6 25.a3 e5 26.b4 cxb3 27.cxb3 a5 28.b4 axb4 29.axb4 Bd7
30.Nc3 Bc6 31.Kf2 Bd7 32.Kg3 Ke7 33.h4 gxh4+ 34.Kxh4 Kf6 35.Nd5+ Kg6 36.Ne3 Be6
37.g3 Kf6  1/2-1/2

[Event "2nd Indonesia Open"]
[Site "Jakarta INA"]
[Date "2012.10.15"]
[Round "7.23"]
[White "Cao,S"]
[Black "Novita,A"]
[Result "1/2-1/2"]
[WhiteElo "2514"]
[BlackElo "2339"]

1.e4 c5 2.Nf3 d6 3.Bb5+ Nd7 4.d4 a6 5.Bxd7+ Bxd7 6.Nc3 cxd4 7.Qxd4 Nf6 8.Bg5 e6
9.O-O-O Bc6 10.Rhe1 Be7 11.Bxf6 Bxf6 12.Qxd6 Qa5 13.Nd5 Bxd5 14.exd5 Rd8
15.Qa3 Rxd5 16.Rxd5 Qxd5 17.Rd1 Qc6 18.h4 Be7 19.Qd3 Qc7 20.g3 h6 21.Qe4 O-O
22.Ne5 Bd6 23.f4 Bxe5 24.Qxe5 Qxe5 25.fxe5 f5 26.Rd4 Rf7 27.Kd2 Rc7 28.b4 g5
29.h5 Kf7 30.c4 Ke7 31.c5 Rd7 32.Rd6 Rxd6+  1/2-1/2

[Event "7th Americas Continental 2012"]
[Site "Mar del Plata ARG"]
[Date "2012.10.15"]
[Round "5.76"]
[White "Santopietro,Gerardo"]
[Black "Caceres Recalde,Gonzalo"]
[Result "1-0"]
[WhiteElo "2006"]
[BlackElo "1582"]

1.e4 c5 2.Nf3 d6 3.Bb5+ Bd7 4.Bxd7+ Qxd7 5.c4 Nc6 6.O-O Nf6 7.Nc3 g6 8.d4 cxd4
9.Nxd4 Bg7 10.Nde2 O-O 11.f3 Ne5 12.b3 Qc6 13.Be3 Ned7 14.Rc1 Qc8 15.Qd2 Rd8
16.g4 a5 17.g5 Nh5 18.Nd5 Re8 19.Ng3 Nxg3 20.hxg3 Ra6 21.Kg2 Nc5 22.Rh1 Ne6
23.f4 Nf8 24.Bd4 Qc6 25.Bxg7 Kxg7 26.f5 Nd7 27.f6+ exf6 28.gxf6+ Kh8 29.Rxh7+ Kxh7
30.Rh1+ Kg8 31.Rh8+  1-0